000 01501nam a2200397 i 4500
001 129047
003 FlNmELB
005 20241217180140.0
006 m o d |
007 cr cnu||||||||
008 190320s2018 sp a o 000 0 spa d
020 _a9788481028591
_q(electronic bk.)
035 _a(OCoLC)1105915529
040 _aFINmELB
_bspa
_erda
_cFINmELB
050 4 _aHF5823
_bL182 2018
080 _a659.1(091)
082 0 _a659.1
_223
100 1 _aLaguna Platero, Antonio.
245 1 0 _aSalud, sexo y electricidad :
_blos inicios de la publicidad de masas /
_cAntonio Laguna Platero.
264 1 _aSantander :
_bEditorial de la Universidad de Cantabria,
_c2018.
300 _a1 recurso en línea (160 páginas) :
_bilustraciones
336 _atexto
_btxt
_2rdacontent/spa
337 _acomputadora
_bc
_2rdamedia/spa
338 _arecurso en línea
_bcr
_2rdacarrier/spa
490 1 _aEnclaves culturales ;
_v2
588 _aDescripción basada en el editor de metadatos y otras fuentes.
590 _aRecurso electrónico. Santa Fe, Arg.: elibro, 2019. Disponible vía World Wide Web. El acceso puede estar limitado para las bibliotecas afiliadas a elibro.
650 4 _aPublicidad.
650 4 _aPrensa
_xHistoria.
650 0 _aAdvertising.
650 0 _aPress
_xHistory.
655 4 _aLibros electronicos.
797 2 _aelibro, Corp.
830 0 _aEnclaves culturales ;
_v2.
856 4 0 _uhttps://elibro.net/ereader/politecnicointernacional/53425
_zClick to View
999 _c129047
_d129047